Modernidad líquida /

Guardado en:
Autor Principal: Bauman, Zygmunt.
Otros Autores: Rosenberg, Mirta, (trad.)
Formato: Libro
Idioma:Undetermined
Publicado: Ciudad Autónoma de Buenos Aires : Fondo de Cultura Económica, 2023.
Edición:2a. ed. 3a. reimp.
Series:Sociología
Materias:
Etiquetas: Agregar Etiqueta
Sin Etiquetas, Sea el primero en etiquetar este registro!
LEADER 00587nam a22001815a 4500
001 DER.der015444
008 251105s2023####xx############000#0#und#d
005 20251105192502.0
245 1 0 |a Modernidad líquida /  |c Zygmunt Bauman ; traducido por Mirta Rosenberg. 
250 |a 2a. ed. 3a. reimp. 
260 |a Ciudad Autónoma de Buenos Aires :  |b Fondo de Cultura Económica,  |c 2023. 
300 |a 232 p. 
490 1 |a Sociología 
020 |a 9789877191493 
100 1 |a Bauman, Zygmunt. 
700 1 |a Rosenberg, Mirta,  |e trad. 
650 7 |a SOCIOLOGÍA 
859 |a DERECHO  |b BIB. DERECHO  |h 306.01  |i BAU  |p 0010729